000 00502 a2200169 4500
003 OSt
005 20231007113522.0
008 231007b |||||||| |||| 00| 0 eng d
020 _a9781782279358
040 _coclc
082 _a823
_bHWA/A
100 _ahwagil, kang
_99694
245 _aANOTHER PERSON /
_cKang Hwagil; Translated from the Korean by Clare Richards
260 _aLondon:
_bPushkin Press,
_c2023.
300 _a302 p
942 _2ddc
_cBK
_h823
_iHWA/A
_k823
_mHWA/A
999 _c42570
_d42570